000
00306nam a22001337a 4500
008
170725b xxu||||| |||| 00| 0 eng d
020
_a
9780471347804
041
_a
eng
080
_a
004
100
_a
29
101
_a
SHK
245
_a
INTRODUCTION TO INFORMATION TECHNOLOGY
_c
TURBAN,E
942
_2
udc
_c
BK
999
_c
21848
_d
21848